| 000 | 01423nam0a22002891 4500 | ||
|---|---|---|---|
| 001 | v19\rc\1849272 | ||
| 005 | 20250619175236.0 | ||
| 035 | _a(NLR Aleph) 004986176 | ||
| 090 |
_a6236825 _c6236825 |
||
| 100 | _a20080221d1909 |||y0rusy50 ca | ||
| 101 | 0 |
_arus _ayid |
|
| 102 | _aRU | ||
| 105 | _aa z ||||| | ||
| 200 | 1 |
_aПасхальная агада и все обряды еврейской Пасхи _fИзлож. по-рус. и снабдил объясн. примеч. А.Л. Воль _gС прибавл. Крат. истории освобождения евреев из Египта и ил. Г. Дорэ и др. знаменитых худож. |
|
| 210 |
_aВильна _cРозенкранц и Шрифтзетцер _d1909 |
||
| 215 |
_a84 с., 6 л. ил. _d22 |
||
| 300 | _aЗагл. на рус. и евр. яз.; текст парал. на рус. и евр. яз. | ||
| 464 | 0 |
_12001#$aКраткая история освобождения евреев из Египта _tКраткая история освобождения евреев из Египта |
|
| 700 | 1 |
_aВоль _bА.Л. _gАссир Лазаревич |
|
| 702 | 1 |
_6z01790 _aДоре _bГ. _f1832-1883 _gГюстав _4440 |
|
| 790 | 1 |
_6z01702 _aДорэ _bГ. _f1832-1883 |
|
| 801 | 0 |
_aRU _bNLR _gpsbo |
|
| 801 | 0 |
_aRU _bRuMoRGB _2psbo |
|
| 801 | 1 |
_aRU _bProSoft-M _2rusmarc |
|
| 852 |
_aNLR _j34.85.7.469 |
||
| 942 | _cBOOK | ||
| 980 | _aNB | ||